000 00443nam a22001697a 4500
003 NUST - PNEC
005 20170116180804.0
008 150403b xxu||||| |||| 00| 0 eng d
040 _cLIBRARY
082 _a297.22 ABD
100 _92841
_aAbdur Rehman
245 _aSahih Muslim Sharif Vol -3
_cMaulana Abid ur Rehman
260 _aKarachi:
_bQuran Mehan,
300 _a992 p.:
_c24 cm.
651 _92085
_aIslam, Hadees
942 _2ddc
_cBK
999 _c63123
_d63123